| 000 | 02712nam a2200469 a 4500 | ||
|---|---|---|---|
| 001 | dia_4929 | ||
| 003 | CHAP | ||
| 005 | 20240410134405.0 | ||
| 007 | ta | ||
| 008 | 220117s2012 mx edmaf a001 0 spa d | ||
| 040 |
_cCHAP _amxchpua |
||
| 090 |
_aT.C.583 _bP47 EIUPA _c2012 |
||
| 245 | 1 | 0 |
_aCafé orgánico Majomut, ubicado en el estado de Chiapas / _ccoordinador Juan Pérez Barrón ; colaboradores Leidy Laura Cruz de la Cruz...[y otros] |
| 260 |
_aMéxico : _bEl autor, _c2012 |
||
| 300 |
_a99 hojas : _bilustraciones, mapas, diagramas, tablas, planos, fotos |
||
| 336 |
_2rdacontent _atexto _btxt |
||
| 337 |
_2rdamedia _ano mediado _bn |
||
| 338 |
_2rdacarrier _avolumen _bnc |
||
| 500 | _aGrado 7° Grupo 2 El Cd. contiene reporte y planos. | ||
| 502 |
_aViaje de estudios _b(EIUPA) -- _cUACh. Departamento de Ingeniería Agroindustrial, _d2012 |
||
| 504 | _aBibliografía: hoja 99 | ||
| 505 | 0 | 0 | _a6 planos -- 1. Plano de distribución de áreas (Esc. 1:150) -- 2. Plano de distribución de áreas (Esc. 1:100) -- 3. Diagrama y equipo de proceso del beneficio del café Majomut -- 4. Plano de iluminación (Esc. 1:140) -- 5. Plano de distribución de áreas (Esc. 1:180) -- 6. Propuesta de tubería en isométrico y conexión eléctrica laboratorio Majomut (Esc. 1:110) |
| 650 | 1 | 3 |
_aCafé _917085 |
| 650 | 1 | 3 |
_aIndustria de los alimentos _zMéxico _zChiapas |
| 650 | 1 | 3 |
_aCoffee _9147895 |
| 650 | 1 | 3 |
_aFood industry _zMéxico _zChiapas |
| 700 | 1 |
_aCruz de la Cruz, Leidy Laura _929357 _ecolaboradora |
|
| 700 | 1 |
_aPérez Barrón, Juan _9148338 _ecoordinador |
|
| 856 |
_uhttp://10.13.5.2/ve/TC583EIUPA/TC583EIUPA2012-REPORTE.pdf _yDescargar REPORTE |
||
| 856 |
_uhttp://10.13.5.2/ve/TC583EIUPA/TC583EIUPA2012-PLANO-DISTRIBUCIONDEAREAS1.pdf _yDESCARGAR Plano de distribución de áreas 1 |
||
| 856 |
_uhttp://10.13.5.2/ve/TC583EIUPA/TC583EIUPA2012-PLANO-DISTRIBUCIONDEAREAS2.pdf _yDESCARGAR Plano de distribución de áreas 2 |
||
| 856 |
_uhttp://10.13.5.2/ve/TC583EIUPA/TC583EIUPA2012-PLANO-DIAGRAMAYEQUIPODEPROCESO.pdf _yDESCARGAR Diagrama y equipo de proceso |
||
| 856 |
_uhttp://10.13.5.2/ve/TC583EIUPA/TC583EIUPA2012-PLANO-ILUMINACION.pdf _yDESCARGAR Plano de iluminación |
||
| 856 |
_uhttp://10.13.5.2/ve/TC583EIUPA/TC583EIUPA2012-PLANO-DISTRIBUCIONDEAREA3.pdf _yDESCARGAR Plano de distribución de áreas 3 |
||
| 856 |
_uhttp://10.13.5.2/ve/TC583EIUPA/TC583EIUPA2012-PLANO-PROPUESTADETUBERIA.pdf _yDESCARGAR Propuesta de tubería en isométrico y conexión eléctrica |
||
| 901 | _aT.C.583 P47 EIUPA 2012 | ||
| 902 | _aM | ||
| 905 | _a5212272012 MX anel8223223322SPA16 | ||
| 942 | _2local | ||
| 942 | _cVE | ||
| 999 |
_c175728 _d175728 |
||